| 000 | 00999nam a2200289 i 4500 | ||
|---|---|---|---|
| 999 |
_c200444200 _d62412 |
||
| 003 | TR-AnTOB | ||
| 005 | 20240425162434.0 | ||
| 007 | ta | ||
| 008 | 211011s1985 tu ||||| |||| 00| 0 tur d | ||
| 040 |
_aTR-AnTOB _beng _erda _cTR-AnTOB |
||
| 041 | 0 | _atur | |
| 050 | 4 |
_aG155.T9 _bT87 1985 |
|
| 090 |
_aG155.T9 _bT87 1985 |
||
| 111 | 2 |
_aTürkiye Uluslararası Kültür ve Turizm Fuarı _n(1. : _d1985 : _cTürkiye) _9137368 |
|
| 245 |
_aTürkiye 1. uluslararası kültür ve turizm fuarı : _bAnkara, 22.3-27.3,İıstanbul, 14.4-19.4, İzmir, 5.5-10.3-1985 = 1st International fair of culture and tourism, Turkey. |
||
| 246 | 3 | 4 | _aTurizm '85 |
| 246 | 3 | 4 | _aTourism '85 |
| 264 | 1 |
_aAnkara : _bFair organization Center, _c1985. |
|
| 300 |
_a206 pages ; _b20 cm. |
||
| 336 |
_2rdacontent _atext _btxt |
||
| 337 |
_2rdamedia _aunmediated _bn |
||
| 338 |
_2rdacarrier _avolume _bnc |
||
| 653 | _aKültür turizmi--Türkiye | ||
| 942 |
_2lcc _cBK |
||